000 00276 a2200109 4500
020 _a9789361591884
100 _aShowick Thorpe
245 _aGeneral Studies Paper II (for UPSC Preliminary examination) : CSAT 2025
250 _a14th
260 _bPearson
_c2025
942 _cOO
999 _c116262
_d116261